[Event "35th Asia-ch U20"]
[Site "Sharjah UAE"]
[Date "2013.04.06"]
[Round "6.9"]
[White "Abdel Rabb, Raouf"]
[Black "Walid, Anwar"]
[Result "1/2-1/2"]
[WhiteElo "2036"]
[BlackElo "1893"]
[EventDate "2013.03.30"]

1.Nf3 Nf6 2.g3 b6 3.Bg2 Bb7 4.O-O e6 5.d3 d5 6.Nbd2 Be7 7.e4 O-O 8.e5 Nfd7
9.Re1 c5 10.Nf1 Nc6 11.h4 Qc7 12.Bf4 Rfc8 13.c3 Nf8 14.h5 b5 15.N1h2 a5 
16.Ng4 Bd8 17.Qd2 Ne7 18.Nf6+ gxf6 19.exf6 Qb6 20.Bh6 Nf5 21.Qg5+ Ng6 22.
hxg6 hxg6 23.Ne5 Nxh6 24.Nxg6 Bxf6 25.Qxf6 Kh7 26.Ne5 Qd8 27.Qf4 Kg7 28.
Ng4 Nxg4 29.Qxg4+ Kf8 30.Re5 Qf6 31.Rae1 Ra6 32.Rg5 Rd6 33.c4 bxc4 34.dxc4
Rcd8 35.cxd5 Bxd5 36.Rg8+ Ke7 37.Rxd8 Rxd8 38.Qa4 Bxg2 39.Kxg2 Rd2 40.Rf1 
Qxb2 41.Qxa5 Qd4 42.a4 c4 43.Qc7+ Kf8 44.a5 Ra2 45.a6 c3 46.Kh3 Kg7 47.Rc1
Rxa6 48.Rxc3 Qxf2 49.Rc4 Qf1+ 50.Kh4 Qf6+ 51.Kh3 Qf1+ 52.Kh4 Qf6+ 1/2-1/2

[Event "35th Asia-ch U20"]
[Site "Sharjah UAE"]
[Date "2013.04.06"]
[Round "6.10"]
[White "Abo-Hazeem, Mohanned"]
[Black "Sultan, Ibrahim"]
[Result "1/2-1/2"]
[WhiteElo "1929"]
[BlackElo "1886"]
[EventDate "2013.03.30"]

1.d4 d5 2.Nf3 Nf6 3.e3 e6 4.Bd3 Bd6 5.Nbd2 Nbd7 6.e4 dxe4 7.Nxe4 Nxe4 8.
Bxe4 Nf6 9.Bd3 O-O 10.O-O b6 11.Bg5 Bb7 12.c3 c5 13.Qe2 Qc7 14.Ne5 Rfd8 
15.Rfd1 h6 16.Bh4 g5 17.Bg3 cxd4 18.cxd4 Qe7 19.Rac1 Rac8 20.Bb1 Bb8 21.
Rxc8 Rxc8 22.h4 Kg7 23.hxg5 hxg5 24.Bh2 Rh8 25.f3 Nd7 26.Ng4 Bxh2+ 27.Nxh2
Qd6 28.Ng4 Qf4 29.Qe3 Qxe3+ 30.Nxe3 Nf6 31.Nc4 Rd8 32.Kf2 Nd5 33.Ne3 Ne7 
34.Be4 Ba6 35.g4 Rd7 36.Ke1 Kf6 37.b3 Ng6 38.d5 Nh4 39.d6 Ke5 40.Bd3 Bxd3 
41.Rxd3 Nxf3+ 42.Kf2 Ke4 43.Rd1 Ne5 44.Ke2 f6 45.Rf1 Rxd6 46.Rxf6 b5 47.
Nd1 b4 48.Nf2+ Kd4 49.Rf8 Ra6 50.Rd8+ Kc5 51.Rd2 Kb5 52.Ke3 Rc6 53.Ke4 Ng6
54.Nd3 Rd6 55.Rc2 Rd5 56.Rc8 a5 57.Re8 Rd6 58.Rg8 e5 59.Nxe5 Nxe5 60.Rxg5 
Rd2 61.Rxe5+ Kb6 62.g5 Rxa2 63.Kf3 Ra3 64.g6 Rxb3+ 65.Re3 Rb1 66.Kf2 Rc1 
67.g7 Rc8 68.Ke1 a4 69.Kd1 b3 70.Rc3 b2 71.Kc2 Rxc3+ 72.Kxc3 b1=Q 73.g8=Q 
Qc1+ 74.Kb4 Qf4+ 75.Qc4 Qd6+ 76.Kxa4 1/2-1/2

[Event "35th Asia-ch U20"]
[Site "Sharjah UAE"]
[Date "2013.04.06"]
[Round "6.12"]
[White "Abdulla, Abdulwahab"]
[Black "Ali, Rashid Ghanem"]
[Result "1/2-1/2"]
[WhiteElo "1773"]
[BlackElo "1741"]
[EventDate "2013.03.30"]

1.e4 e5 2.Nf3 Nf6 3.Nxe5 Nxe4 4.Qe2 Qe7 5.Qxe4 d6 6.d4 dxe5 7.dxe5 Nc6 8.
Nc3 Qxe5 9.Qxe5+ Nxe5 10.Be2 Bf5 11.Bf4 Ng6 12.Bxc7 Bxc2 13.O-O Be7 14.
Rfe1 O-O 15.Rac1 Rac8 16.Rxc2 Rxc7 17.g3 Bf6 18.Bd3 Ne5 19.Be2 g6 20.b3 
Rfc8 21.Rec1 Nd3 22.Bxd3 Rxc3 23.Rxc3 Rxc3 24.Rxc3 Bxc3 25.Be4 b6 26.a4 a5
27.Kg2 Kf8 28.h4 h5 29.f4 f5 30.Bd5 Bd4 31.Kf3 Ke7 32.Ke2 Kf6 33.Kf3 Ke7 
34.Ke2 Kf6 35.Kf3 Ke7 36.Ke2 Kf6 37.Kf3 1/2-1/2

[Event "35th Asia-ch U20"]
[Site "Sharjah UAE"]
[Date "2013.04.06"]
[Round "7.1"]
[White "Debashis, Das"]
[Black "Narayanan, Srinath"]
[Result "0-1"]
[WhiteElo "2477"]
[BlackElo "2440"]
[EventDate "2013.03.30"]

1.c4 c5 2.Nf3 Nc6 3.Nc3 e5 4.e3 Nf6 5.a3 d5 6.cxd5 Nxd5 7.Qc2 Nc7 8.Bd3 g6
9.Be4 Qd6 10.O-O Bg7 11.b4 cxb4 12.axb4 f5 13.b5 Ne7 14.Ba3 Qd7 15.Bxe7 
fxe4 16.Nxe4 Qxe7 17.b6 Ne6 18.Rxa7 Rb8 19.Qa4+ Bd7 20.Qa5 Nd8 21.d4 exd4 
22.exd4 O-O 23.Re1 Nc6 24.Qa2+ Kh8 25.Nc5 Qd8 26.Rxb7 Rxb7 27.Nxb7 Qxb6 
28.Nd6 Nd8 29.Nc4 Qb7 30.Ne3 Ne6 31.d5 Nf4 32.Qc4 Bb5 33.Qe4 Bd3 34.Qa4 
Qf7 35.Ng5 Qf6 0-1

[Event "35th Asia-ch U20"]
[Site "Sharjah UAE"]
[Date "2013.04.06"]
[Round "7.3"]
[White "Anurag, Mhamal"]
[Black "Kowsarinia, Amir"]
[Result "1-0"]
[WhiteElo "2401"]
[BlackElo "2301"]
[EventDate "2013.03.30"]

1.d4 d5 2.Nc3 Nf6 3.Bg5 Nbd7 4.Qd3 c6 5.Nf3 g6 6.e4 dxe4 7.Nxe4 Bg7 8.Ng3 
Nb6 9.Be2 Be6 10.O-O O-O 11.Rfe1 Qd5 12.Bf1 Rad8 13.Qa3 Nc8 14.Rad1 Qd6 
15.Qe3 Qb4 16.Qc1 Rfe8 17.c4 Qa4 18.Re3 b6 19.Ne5 Ng4 20.Ra3 Qxd1 21.Qxd1 
Nxe5 22.Qc2 Rxd4 23.Be3 Rd7 24.h3 Nd6 25.c5 Ndc4 26.Rc3 b5 27.Bc1 f5 28.b3
Na5 29.Bb2 Red8 30.Re3 Rd2 31.Qc3 Nf3+ 32.gxf3 Bxc3 33.Bxc3 Rxa2 34.Rxe6 
Nxb3 35.Rxe7 Nxc5 36.Rg7+ Kf8 37.Rxh7 Rd7 38.Rh8+ Kf7 39.Rc8 Na4 40.Be5 
Rd5 41.f4 Rc5 42.Rc7+ Ke8 43.h4 b4 44.h5 gxh5 45.Nxf5 Kd8 46.Rb7 Rd2 47.
Nd6 Rxe5 48.fxe5 Nb6 49.Rxa7 Nd7 50.f4 Rd1 51.Rb7 c5 52.Kf2 Nf6 53.Bb5 b3 
54.Ba4 Rd4 55.exf6 Rxd6 56.f7 Rf6 57.Bxb3 Rxf4+ 1-0

[Event "35th Asia-ch U20"]
[Site "Sharjah UAE"]
[Date "2013.04.06"]
[Round "7.5"]
[White "Saiyn, Zhanat"]
[Black "Mukashev, Assan"]
[Result "1-0"]
[WhiteElo "2278"]
[BlackElo "2256"]
[EventDate "2013.03.30"]

1.d4 d5 2.c4 c6 3.Nf3 Nf6 4.e3 a6 5.Nc3 g6 6.Be2 Bg7 7.O-O O-O 8.Bd2 Nbd7 
9.Be1 dxc4 10.Bxc4 b5 11.Bb3 Bb7 12.e4 e6 13.e5 Nd5 14.Nxd5 cxd5 15.Bb4 
Re8 16.h4 a5 17.Bd6 f5 18.Rc1 Rc8 19.Qd2 Bc6 20.Ng5 Qb6 21.h5 Bf8 22.hxg6 
hxg6 23.Qf4 Bxd6 24.exd6 a4 25.Bc2 b4 26.Bd3 b3 27.axb3 axb3 28.Rce1 Nf8 
29.Re3 Bb5 30.Rh3 Bxd3 31.Qe5 1-0

[Event "35th Asia-ch U20"]
[Site "Sharjah UAE"]
[Date "2013.04.06"]
[Round "7.7"]
[White "Abo-Hazeem, Mohanned"]
[Black "Gameel, Mohamed"]
[Result "1/2-1/2"]
[WhiteElo "1929"]
[BlackElo "2217"]
[EventDate "2013.03.30"]

1.d4 Nf6 2.c4 e6 3.Nc3 Bb4 4.e3 b6 5.Bd3 Bb7 6.Nf3 Ne4 7.Qc2 Bxc3+ 8.bxc3 
Ng5 9.Nxg5 Qxg5 10.f3 Nc6 11.O-O Na5 12.e4 Qe7 13.f4 Ba6 14.Qe2 c5 15.d5 
d6 16.f5 O-O-O 17.fxe6 fxe6 18.Qg4 Rde8 19.dxe6 Qxe6 20.Qxg7 Kb8 21.Rf6 
Qe5 22.Bf4 Qxc3 23.Bxd6+ Ka8 24.Rd1 Qd4+ 25.Kh1 Rhg8 26.Qf7 Bxc4 27.Bxc4 
Qxc4 28.Qxh7 Rxg2 29.Kxg2 Qe2+ 30.Rf2 Qxd1 31.e5 Qg4+ 32.Kf1 Rg8 33.Qd3 
Qc4 34.Qxc4 Nxc4 35.Rf8+ Rxf8+ 36.Bxf8 Nxe5 37.Bg7 Ng6 38.Bf6 Kb7 39.Kf2 
Kc6 40.Ke3 Kd5 41.h4 Ke6 42.Bd8 Kf5 43.Kd3 Ne5+ 44.Kc3 Nc6 45.Bc7 Kg4 46.
Bd6 Nd4 47.Kc4 Ne6 48.Kb5 Kxh4 49.a4 1/2-1/2

[Event "35th Asia-ch U20"]
[Site "Sharjah UAE"]
[Date "2013.04.06"]
[Round "7.8"]
[White "Sattarov, Bobir"]
[Black "Hamdan, Marshool"]
[Result "1-0"]
[WhiteElo "2187"]
[BlackElo "1756"]
[EventDate "2013.03.30"]

1.d4 d5 2.Nf3 e6 3.Bf4 c5 4.e3 Nf6 5.Nbd2 Nc6 6.c3 Bd6 7.Bxd6 Qxd6 8.Bb5 
O-O 9.O-O a6 10.Bxc6 bxc6 11.Ne5 Nd7 12.Nxd7 Bxd7 13.Nb3 cxd4 14.cxd4 e5 
15.Nc5 exd4 16.Qxd4 Bf5 17.e4 Bg6 18.e5 Qe7 19.f4 Bf5 20.Rac1 a5 21.b3 
Rfb8 22.Na4 Rb4 23.Qc5 Qxc5+ 24.Nxc5 h6 25.a3 Rb5 26.Kf2 Rab8 27.Rfd1 Kf8 
28.Rc3 Ke7 29.Ke3 f6 30.Kd4 fxe5+ 31.fxe5 R5b6 32.Rf1 g6 33.e6 Rd8 34.g4 
Bxg4 35.Rf7+ Kd6 36.Rb7 Rxb7 37.Nxb7+ Ke7 38.Nxd8 Kxd8 39.Rxc6 Ke7 40.Ke5 
g5 41.Rc7+ Ke8 42.Kf6 Kd8 43.Ra7 Bh5 44.Rxa5 d4 45.Rd5+ Kc7 46.Rxd4 g4 47.
e7 Be8 48.Rxg4 Kd7 49.Rd4+ Kc7 50.Rd8 Bc6 51.e8=Q Bxe8 52.Rxe8 h5 53.Rh8 
Kd7 54.Rxh5 Kd6 55.Rg5 Kd7 56.h4 Kd6 57.h5 Kd7 58.h6 Kd6 59.h7 Kd7 60.h8=Q
Kd6 61.Qf8+ Kd7 62.Rd5+ Kc6 63.Qc5+ Kb7 64.Rd7+ 1-0

[Event "35th Asia-ch U20"]
[Site "Sharjah UAE"]
[Date "2013.04.06"]
[Round "7.9"]
[White "Walid, Anwar"]
[Black "Ikramul, Haque Siam"]
[Result "1/2-1/2"]
[WhiteElo "1893"]
[BlackElo "2079"]
[EventDate "2013.03.30"]

1.d4 d5 2.Nf3 e6 3.c4 c6 4.e3 f5 5.Bd3 Nf6 6.O-O Bd6 7.Qc2 O-O 8.Nc3 b6 9.
cxd5 cxd5 10.Nb5 Ba6 11.Nxd6 Qxd6 12.Bxa6 Nxa6 13.Qa4 Nb8 14.Bd2 Rc8 15.
Rac1 Nc6 16.Rc2 Rc7 17.Rfc1 Rac8 18.g3 Nb8 19.Bb4 Qd8 20.Ne5 a5 21.Bd2 h6 
22.b4 Rxc2 23.Rxc2 Rxc2 24.Qxc2 axb4 25.Bxb4 Na6 26.Qc6 Nxb4 27.Qxe6+ Kh7 
28.Qxf5+ Kg8 29.Qe6+ Kh7 30.Qf5+ Kg8 1/2-1/2

[Event "35th Asia-ch U20"]
[Site "Sharjah UAE"]
[Date "2013.04.06"]
[Round "7.10"]
[White "Sultan, Ibrahim"]
[Black "Abdel Rabb, Raouf"]
[Result "1-0"]
[WhiteElo "1886"]
[BlackElo "2036"]
[EventDate "2013.03.30"]

1.d4 d5 2.c4 e6 3.Nc3 Nf6 4.Bg5 Nbd7 5.e3 c6 6.Nf3 Qa5 7.Nd2 Bb4 8.Qc2 Ne4
9.Ndxe4 dxe4 10.Bh4 O-O 11.Be2 g5 12.Bg3 f5 13.O-O f4 14.exf4 gxf4 15.Bh4 
f3 16.Bd1 Bxc3 17.bxc3 fxg2 18.Re1 e5 19.Rxe4 Rf4 20.Rxf4 exf4 21.Bf3 Nf8 
22.c5 Ng6 23.Bg5 Kg7 24.Re1 Qc7 25.Bh5 Qf7 26.Re7 Qxe7 27.Bxe7 Nxe7 28.Qe4
Nd5 29.c4 Nf6 30.Qe7+ Kh6 31.Qxf6+ Kxh5 32.Qf8 Kg4 33.d5 b5 34.d6 bxc4 35.
d7 Bxd7 36.Qxa8 Kg5 1-0

[Event "35th Asia-ch U20"]
[Site "Sharjah UAE"]
[Date "2013.04.06"]
[Round "8.1"]
[White "Narayanan, Srinath"]
[Black "Anurag, Mhamal"]
[Result "1-0"]
[WhiteElo "2440"]
[BlackElo "2401"]
[EventDate "2013.03.30"]

1.e4 e5 2.Nf3 Nc6 3.Bb5 Nf6 4.d3 d6 5.c3 Bd7 6.Ba4 g6 7.Bg5 Bg7 8.Nbd2 h6 
9.Bh4 O-O 10.Nf1 g5 11.Bg3 Nh5 12.Ne3 Nf4 13.h4 g4 14.Ng1 h5 15.Bxf4 exf4 
16.Nd5 Bh6 17.Ne2 f3 18.gxf3 gxf3 19.Ng3 Bg4 20.Nf5 Bxf5 21.exf5 Ne5 22.f6
c6 23.Ne7+ Kh8 24.d4 Ng6 25.Qxf3 Nxe7 26.fxe7 Qxe7+ 27.Kf1 Qe6 28.Bc2 Rae8
29.Bd3 Qg4 30.Qxg4 hxg4 31.Bf5 c5 32.Rd1 g3 33.fxg3 Re3 34.Kf2 Rfe8 35.Bg4
R8e4 36.Bf3 Re6 37.Kg2 b6 38.dxc5 bxc5 39.Rhf1 Kg7 40.Bh5 f6 41.Bg4 R6e4 
42.Bf5 Re2+ 43.Kh3 Re7 44.Rxd6 Rd2 45.Rc6 Be3 46.Rf3 Rxb2 47.Bd3 Rd2 48.
Bc4 Bg1 49.Rcxf6 Rh2+ 50.Kg4 Re4+ 51.Kh5 Re5+ 52.R6f5 Rxf5+ 53.Rxf5 Rf2 
54.Rxc5 Rf3 55.Rc7+ Kf8 56.g4 Rxc3 57.g5 Bf2 58.Rf7+ Kg8 59.Rxf2+ Rxc4 60.
g6 1-0

[Event "35th Asia-ch U20"]
[Site "Sharjah UAE"]
[Date "2013.04.06"]
[Round "8.2"]
[White "Saiyn, Zhanat"]
[Black "Grover, Sahaj"]
[Result "0-1"]
[WhiteElo "2278"]
[BlackElo "2467"]
[EventDate "2013.03.30"]

1.d4 e6 2.c4 d5 3.cxd5 exd5 4.Nc3 Be7 5.Bf4 Nf6 6.e3 Bf5 7.Bd3 Bxd3 8.Qxd3
c6 9.Nge2 O-O 10.Ng3 Bd6 11.Bxd6 Qxd6 12.O-O Na6 13.Rad1 Rfe8 14.f3 c5 15.
a3 Rad8 16.Rfe1 g6 17.dxc5 Nxc5 18.Qb5 a6 19.Qb4 Qc6 20.Qf4 d4 21.Nce2 
dxe3 22.Rxd8 Rxd8 23.Qxe3 Rd3 24.Qf4 Qb6 25.Kh1 Qxb2 26.Qb8+ Kg7 27.Nf4 
Qd4 28.Nxd3 Nxd3 29.Rf1 Nf2+ 30.Rxf2 Qxf2 31.Qe5 Qa2 32.h4 Qd5 33.Qc3 Qd1+
34.Kh2 Qd6 35.Kh3 Qc6 36.Qb2 Kg8 37.Kh2 Qd6 38.Kh3 b5 39.h5 Nxh5 40.Nxh5 
gxh5 41.Qc3 h4 42.Qc8+ Kg7 43.Qg4+ Qg6 44.Qd4+ f6 45.Qd7+ Kh6 46.Kxh4 Qxg2
47.f4 Qh2+ 48.Kg4 Qg2+ 49.Kh4 Qh2+ 50.Kg4 Qg1+ 51.Kf3 Qc5 52.Qd3 Qh5+ 53.
Kf2 Qh2+ 54.Ke1 Qxf4 55.Qh3+ Kg6 56.Qg2+ Kh5 57.Qe2+ Kh4 58.Qc2 h5 59.Qh7 
a5 60.Qa7 b4 0-1

[Event "35th Asia-ch U20"]
[Site "Sharjah UAE"]
[Date "2013.04.06"]
[Round "8.3"]
[White "Iyti, Basher"]
[Black "Salem, A.R. Saleh"]
[Result "0-1"]
[WhiteElo "2292"]
[BlackElo "2518"]
[EventDate "2013.03.30"]

1.Nh3 Nf6 2.g3 e5 3.Bg2 d5 4.O-O Nc6 5.c3 Be7 6.d4 h6 7.dxe5 Nxe5 8.Nf4 c6
9.Nd2 Bf5 10.Nf3 Nxf3+ 11.exf3 O-O 12.Re1 Re8 13.Be3 Bd6 14.Qd2 Qc7 15.Nd3
Nd7 16.Re2 Re7 17.Rae1 Rae8 18.Bf1 Bxd3 19.Qxd3 Ne5 20.Qf5 g6 21.Qf4 Nd3 
22.Qxh6 Nxe1 23.Rxe1 Be5 24.f4 Bg7 25.Qg5 Qd6 26.Rd1 b5 27.h4 b4 28.c4 Bf6
29.Qh6 Rxe3 30.fxe3 Qc5 31.Re1 dxc4 32.f5 Bd4 33.exd4 Qxd4+ 34.Kh2 Rxe1 
35.fxg6 Rxf1 36.gxf7+ Rxf7 37.Qg6+ Qg7 38.Qxc6 Qxb2+ 39.Kh3 Qf6 40.Qc8+ 
Kh7 41.Qxc4 Qf1+ 0-1

[Event "35th Asia-ch U20"]
[Site "Sharjah UAE"]
[Date "2013.04.06"]
[Round "8.4"]
[White "Tran, Tuan Minh"]
[Black "Debashis, Das"]
[Result "1-0"]
[WhiteElo "2310"]
[BlackElo "2477"]
[EventDate "2013.03.30"]

1.d4 Nf6 2.Nf3 d5 3.c4 e6 4.Nc3 Bb4 5.e3 O-O 6.Bd2 Nbd7 7.Qc2 c5 8.cxd5 
exd5 9.dxc5 Nxc5 10.Bd3 Nxd3+ 11.Qxd3 Bg4 12.Nd4 Rc8 13.O-O a6 14.a3 Bd6 
15.Be1 Bh5 16.f4 Nd7 17.Nxd5 Nc5 18.Qf5 Bg6 19.Qg4 f5 20.Qf3 Qe8 21.Nb6 
Rd8 22.Nc4 Bh5 23.Qf2 Bb8 24.Bb4 Ne4 25.Qh4 Rf6 26.Ne5 Bf7 27.Rad1 Bd5 28.
Rd3 Bc7 29.a4 h6 30.b3 Kh7 31.Nef3 Kh8 32.Rfd1 Bg8 33.Ba3 Rd5 34.Nc2 Rxd3 
35.Rxd3 Kh7 36.Bb2 Rc6 37.Ncd4 Rc5 38.h3 Rd5 39.Rd1 Bd8 40.Qe1 Bf6 41.Kh2 
Bf7 42.Qe2 g5 43.Rc1 g4 44.Ne1 gxh3 45.gxh3 Nc5 46.Nef3 Qe4 47.b4 Nd7 48.
Rc7 b5 49.axb5 axb5 50.Kg3 Qe8 51.Qc2 Bg6 52.Qc6 Qf7 53.Ne6 1-0

[Event "35th Asia-ch U20"]
[Site "Sharjah UAE"]
[Date "2013.04.06"]
[Round "8.5"]
[White "Mukashev, Assan"]
[Black "Hosseinipour, Mehdi"]
[Result "1/2-1/2"]
[WhiteElo "2256"]
[BlackElo "2251"]
[EventDate "2013.03.30"]

1.d4 Nf6 2.Nf3 e6 3.g3 c5 4.Bg2 cxd4 5.Nxd4 d5 6.O-O e5 7.Nb3 Be6 8.Bg5 
Nbd7 9.Nc3 Be7 10.e4 dxe4 11.Nxe4 Nxe4 12.Bxe7 Qxe7 13.Bxe4 Nf6 14.Bg2 O-O
15.Qe2 Bd5 16.Bxd5 Nxd5 17.Rfe1 Rfe8 18.Rad1 Nf6 19.Nd4 a6 20.Nf5 Qe6 21.
Nd6 Re7 22.Qc4 b5 23.Qxe6 Rxe6 24.c4 bxc4 25.Nxc4 e4 26.Rd6 Rae8 27.Red1 
Kf8 28.Ne3 g6 29.b4 Ke7 30.Rxe6+ Kxe6 31.Nc2 Rc8 32.Nd4+ Ke7 33.a4 Nd7 34.
b5 axb5 35.axb5 Ne5 36.Kg2 Rd8 37.Rd2 1/2-1/2

[Event "35th Asia-ch U20"]
[Site "Sharjah UAE"]
[Date "2013.04.06"]
[Round "8.7"]
[White "Gameel, Mohamed"]
[Black "Sultan, Ibrahim"]
[Result "1-0"]
[WhiteElo "2217"]
[BlackElo "1886"]
[EventDate "2013.03.30"]

1.e4 e6 2.d4 d5 3.Nd2 dxe4 4.Nxe4 Nd7 5.Nf3 Ngf6 6.Ng3 c5 7.Be2 b6 8.O-O 
Bb7 9.b3 Rc8 10.c4 Bd6 11.Bb2 O-O 12.Qc2 cxd4 13.Nxd4 Bb8 14.Rfd1 a6 15.
Bf3 Bxf3 16.Nxf3 Qe7 17.Qe2 Rfd8 18.Rd2 Nc5 19.Rad1 Bf4 20.Rd4 Qc7 21.Ne5 
Rxd4 22.Bxd4 Rd8 23.Bxc5 Rxd1+ 24.Qxd1 Qxc5 25.Qd8+ Qf8 26.Qd4 Bxe5 27.
Qxe5 Qd8 28.h3 h6 29.c5 Qd1+ 30.Kh2 bxc5 31.Qxc5 Qd2 32.Qc8+ Kh7 33.Qxa6 
Qxf2 34.b4 h5 35.Qd3+ Kh6 36.Ne2 Nd5 37.Qe4 g5 38.b5 g4 39.a4 Nc3 40.Qf4+ 
Qxf4+ 41.Nxf4 Nxa4 42.Kg3 gxh3 43.gxh3 Nb6 44.Kh4 e5 45.Nxh5 Kg6 46.Ng3 f5
47.Ne2 Nd5 48.Nc3 Nb6 49.Nb1 Kf6 50.Nd2 e4 51.Kg3 Ke5 52.h4 f4+ 53.Kg4 f3 
54.h5 f2 55.Nf1 Nd5 56.Kg3 Kf5 57.Kxf2 Kg5 58.Ng3 e3+ 59.Kf3 Nb6 60.Kxe3 
Kh6 61.Kd4 Kg5 62.Kc5 1-0

[Event "35th Asia-ch U20"]
[Site "Sharjah UAE"]
[Date "2013.04.06"]
[Round "8.8"]
[White "Ikramul, Haque Siam"]
[Black "Ali, Rashid Ghanem"]
[Result "1-0"]
[WhiteElo "2079"]
[BlackElo "1741"]
[EventDate "2013.03.30"]

1.e4 e5 2.Nf3 Nf6 3.d4 Nxe4 4.Bd3 d5 5.Nxe5 Nd7 6.Nxd7 Bxd7 7.O-O Bd6 8.c4
Bc6 9.Qe2 O-O 10.cxd5 Bxd5 11.Bxe4 Re8 12.Nc3 Bxe4 13.Nxe4 Qh4 14.f4 Qe7 
15.Re1 f5 16.Ng3 Qf6 17.Qc4+ Kf8 18.Bd2 a6 19.Bb4 b6 20.Re5 c5 21.Rxf5 
cxb4 22.Rxf6+ gxf6 23.Nh5 f5 24.Qd5 1-0

[Event "35th Asia-ch U20"]
[Site "Sharjah UAE"]
[Date "2013.04.06"]
[Round "8.11"]
[White "Abdulla, Abdulwahab"]
[Black "Walid, Anwar"]
[Result "1/2-1/2"]
[WhiteElo "1773"]
[BlackElo "1893"]
[EventDate "2013.03.30"]

1.e4 e5 2.Nf3 Nf6 3.Nxe5 d6 4.Nf3 Nxe4 5.d4 d5 6.Bd3 Nc6 7.O-O Be7 8.c4 
Nb4 9.Be2 O-O 10.a3 Nc6 11.Nc3 Be6 12.cxd5 Bxd5 13.Nxe4 Bxe4 14.Be3 Bf6 
15.Rc1 Bxf3 16.Bxf3 Nxd4 17.Bxd4 Qxd4 18.Qxd4 Bxd4 19.Bxb7 Rab8 20.Rxc7 
Bxb2 21.Bf3 Bxa3 22.Rxa7 Bc5 23.Rb7 Rxb7 24.Bxb7 g6 25.g3 Kg7 26.Rc1 Bd4 
27.Rc8 Rxc8 28.Bxc8 Kf6 29.Kg2 Ke5 30.f4+ Kd6 31.Bb7 f6 1/2-1/2

[Event "35th Asia-ch U20"]
[Site "Sharjah UAE"]
[Date "2013.04.06"]
[Round "8.12"]
[White "Hamdan, Marshool"]
[Black "El Jawich, Amro"]
[Result "0-1"]
[WhiteElo "1756"]
[BlackElo "2190"]
[EventDate "2013.03.30"]

1.e4 c5 2.Nf3 d6 3.d4 cxd4 4.Nxd4 Nf6 5.Nc3 a6 6.Be2 e5 7.Nb3 Be7 8.Be3 
Be6 9.O-O Nbd7 10.Qd2 O-O 11.h3 Nb6 12.Na5 Qc7 13.f4 Nc4 14.Nxc4 Bxc4 15.
Bxc4 Qxc4 16.Qd3 Rac8 17.fxe5 dxe5 18.Rf5 Bb4 19.Rxe5 Qxd3 20.cxd3 Rxc3 
21.Bd2 Rc5 22.Bxb4 Rxe5 23.Bxf8 Kxf8 24.Rc1 Rb5 25.Rc8+ Ke7 26.Rc7+ Nd7 
27.b3 Kd6 28.Rc8 Rc5 29.Rg8 g6 30.Rg7 Ke7 31.Rxh7 Rc2 32.h4 Rxa2 33.g4 Rb2
34.g5 Nf8 35.h5 Nxh7 0-1

[Event "35th Asia-ch U20"]
[Site "Sharjah UAE"]
[Date "2013.04.06"]
[Round "9.2"]
[White "Grover, Sahaj"]
[Black "Salem, A.R. Saleh"]
[Result "1/2-1/2"]
[WhiteElo "2467"]
[BlackElo "2518"]
[EventDate "2013.03.30"]

1.e4 c6 2.d4 d5 3.Nd2 dxe4 4.Nxe4 Bf5 5.Ng3 Bg6 6.h4 h6 7.Nf3 Nf6 8.Ne5 
Bh7 9.Bc4 e6 10.Qe2 Nd5 11.c3 Nd7 12.Bd3 Bxd3 13.Nxd3 Be7 14.Bd2 Bxh4 15.
c4 Bxg3 16.cxd5 Bc7 17.dxe6 Nf6 18.exf7+ Kxf7 19.Ne5+ Kg8 20.Nxc6 Qd7 21.
Qc4+ Kh7 22.Ne5 Rhe8 23.Qc2+ Kg8 24.f4 Qxd4 25.Qxc7 Rxe5+ 26.fxe5 Qe4+ 27.
Kd1 Qg4+ 28.Ke1 Qe4+ 29.Kd1 Qg4+ 30.Ke1 Qe4+ 1/2-1/2

[Event "35th Asia-ch U20"]
[Site "Sharjah UAE"]
[Date "2013.04.06"]
[Round "9.3"]
[White "Anurag, Mhamal"]
[Black "Saiyn, Zhanat"]
[Result "1-0"]
[WhiteElo "2401"]
[BlackElo "2278"]
[EventDate "2013.03.30"]

1.e4 c5 2.Ne2 Nc6 3.d3 g6 4.g3 Bg7 5.Bg2 d6 6.O-O e6 7.Nd2 Nge7 8.f4 O-O 
9.Nf3 Rb8 10.g4 f5 11.gxf5 exf5 12.Ng3 b5 13.Kh1 b4 14.Qe2 h6 15.Rb1 Qa5 
16.Be3 fxe4 17.Nxe4 Nf5 18.Bf2 Bd7 19.Nh4 Nxh4 20.Bxh4 Nd4 21.Qd2 Nf5 22.
Bf2 Kh7 23.a3 Qb5 24.axb4 Qxb4 25.c3 Qb3 26.Rfe1 a5 27.Re2 a4 28.Rg1 a3 
29.bxa3 Qxa3 30.Bf3 Be8 31.Qe1 Bb5 32.Qd2 Be8 33.h4 Qa5 34.Qe1 Bf7 35.h5 
gxh5 36.Qf1 Rbe8 37.Qh3 c4 38.Bc5 Be6 39.Qxh5 dxc5 40.Ng5+ Kg8 41.Rxe6 Qd8
42.Rxe8 Qxe8 43.Bd5+ Kh8 44.Qxe8 Rxe8 45.Nf7+ Kh7 46.Be4 Kg8 47.Bxf5 1-0

[Event "35th Asia-ch U20"]
[Site "Sharjah UAE"]
[Date "2013.04.06"]
[Round "9.4"]
[White "Debashis, Das"]
[Black "Kowsarinia, Amir"]
[Result "1-0"]
[WhiteElo "2477"]
[BlackElo "2301"]
[EventDate "2013.03.30"]

1.e4 c5 2.Nf3 Nc6 3.d4 cxd4 4.Nxd4 Nf6 5.Nc3 e5 6.Ndb5 d6 7.Bg5 a6 8.Na3 
b5 9.Nd5 Be7 10.Bxf6 Bxf6 11.c3 O-O 12.Nc2 Bg5 13.a4 bxa4 14.Rxa4 a5 15.
Bc4 Rb8 16.b3 Kh8 17.O-O f5 18.exf5 Bxf5 19.Nce3 Bg6 20.Be2 Rb7 21.Bf3 Qb8
22.Rc4 Nd8 23.b4 axb4 24.cxb4 Ne6 25.h4 Bd8 26.Bh5 Bxh5 27.Qxh5 Bb6 28.
Nxb6 Rxb6 29.Nd5 Rb7 30.Qg4 Nd4 31.Rfc1 Nf5 32.h5 Rbf7 33.Rc7 Qe8 34.b5 
Nh6 35.Qe2 Qe6 36.Rxf7 Qxf7 37.Ne3 d5 38.b6 d4 39.Rc7 Qb3 40.Nc4 d3 41.Qf1
d2 42.Rd7 Rc8 43.b7 Rb8 44.Nxd2 Qb6 45.Nc4 Qb5 46.Qd1 Ng8 47.Qg4 g6 48.
hxg6 Qb1+ 49.Kh2 1-0

[Event "35th Asia-ch U20"]
[Site "Sharjah UAE"]
[Date "2013.04.06"]
[Round "9.5"]
[White "Hosseinipour, Mehdi"]
[Black "Iyti, Basher"]
[Result "1-0"]
[WhiteElo "2251"]
[BlackElo "2292"]
[EventDate "2013.03.30"]

1.e4 d5 2.exd5 Nf6 3.Bb5+ Bd7 4.Bc4 Bg4 5.f3 Bf5 6.Nc3 a6 7.Bb3 c6 8.dxc6 
Nxc6 9.d3 e5 10.Be3 Bb4 11.Ne2 O-O 12.O-O Re8 13.Ne4 Nd5 14.Bf2 Bg6 15.c3 
Bf8 16.d4 exd4 17.Nxd4 Ne5 18.Ne2 Bxe4 19.fxe4 Nf6 20.Ng3 Qc7 21.Bd4 Rad8 
22.Qe2 Rd7 23.Rad1 Red8 24.Kh1 Nfg4 25.h3 Nf6 26.Nh5 Nxh5 27.Qxh5 Nc4 28.
e5 Qc6 29.Qg4 b5 30.Rde1 Re8 31.Bc2 Rde7 32.Be4 Qc8 33.Bf5 Qc7 34.e6 fxe6 
35.Rxe6 Nd6 36.Rxe7 Qxe7 37.Bd3 h6 38.Qg6 Ne4 39.Bxe4 Qxe4 40.Rxf8+ 1-0

[Event "35th Asia-ch U20"]
[Site "Sharjah UAE"]
[Date "2013.04.06"]
[Round "9.6"]
[White "Abo-Hazeem, Mohanned"]
[Black "Mukashev, Assan"]
[Result "1/2-1/2"]
[WhiteElo "1929"]
[BlackElo "2256"]
[EventDate "2013.03.30"]

1.d4 Nf6 2.Nf3 g6 3.c4 Bg7 4.Nc3 d5 5.cxd5 Nxd5 6.e4 Nxc3 7.bxc3 O-O 8.Be2
c5 9.O-O Bg4 10.Be3 Qa5 11.Qb3 cxd4 12.cxd4 Nc6 13.Qxb7 Bxf3 14.Bxf3 Nxd4 
15.Bxd4 Bxd4 16.Rad1 e5 17.Qd5 Qa4 18.Rc1 Rfd8 19.Qc4 Qxc4 20.Rxc4 Rab8 
21.Rfc1 Rb2 22.R4c2 a5 23.Be2 a4 24.Bc4 a3 25.Kf1 Kf8 26.Ke1 Bc5 27.Bd5 
Bb4+ 28.Kf1 Bd2 29.Rc8 Ba5 30.Rxd8+ Bxd8 31.Bb3 Bb6 32.Rc2 Bd4 33.Ke2 Ke7 
34.f3 f5 35.Kd3 Rxc2 36.Bxc2 Kf6 37.exf5 gxf5 38.f4 Bg1 39.fxe5+ Kxe5 40.
h3 Kf4 41.Bd1 Kg3 42.Bf3 Bc5 43.Kc4 Bf8 44.Kd3 h5 45.Kc4 h4 46.Kd3 f4 
1/2-1/2

[Event "35th Asia-ch U20"]
[Site "Sharjah UAE"]
[Date "2013.04.06"]
[Round "9.7"]
[White "Gameel, Mohamed"]
[Black "Ikramul, Haque Siam"]
[Result "1/2-1/2"]
[WhiteElo "2217"]
[BlackElo "2079"]
[EventDate "2013.03.30"]

1.e4 c5 2.Nf3 g6 3.d4 cxd4 4.Nxd4 Nc6 5.c4 Nf6 6.Nc3 d6 7.Be2 Bg7 8.O-O 
Nxe4 9.Nxc6 Nxc3 10.Nxd8 Nxd1 11.Nxf7 Kxf7 12.Rxd1 Be6 13.Rb1 Rhc8 14.b3 
a6 15.Bd3 Bf5 16.Bxf5 gxf5 17.Rd5 Rc5 18.Rxc5 dxc5 19.Be3 Bd4 20.Bxd4 cxd4
21.f4 Kf6 22.Kf2 b5 23.Ke2 Rg8 24.g3 e5 25.fxe5+ Kxe5 26.Kd3 Rg4 27.cxb5 
axb5 28.Rc1 Kd6 29.Rc8 Re4 30.Rf8 Ke5 31.Kd2 f4 32.Rxf4 Rxf4 33.gxf4+ Kxf4
34.Kd3 Ke5 35.a4 bxa4 36.bxa4 Kd5 37.h4 h5 38.a5 Kc5 39.a6 Kb6 40.Kxd4 
Kxa6 41.Ke5 Kb6 42.Kf6 Kc7 43.Kg6 Kd7 44.Kxh5 Ke7 1/2-1/2

[Event "35th Asia-ch U20"]
[Site "Sharjah UAE"]
[Date "2013.04.06"]
[Round "9.9"]
[White "Jaiswal, Rupesh"]
[Black "Abdel Rabb, Raouf"]
[Result "0-1"]
[WhiteElo "2014"]
[BlackElo "2036"]
[EventDate "2013.03.30"]

1.d4 d5 2.Nf3 Nf6 3.Bf4 e6 4.e3 Be7 5.Bd3 O-O 6.Nbd2 b6 7.c3 Bb7 8.Rc1 Ne4
9.O-O f5 10.c4 g5 11.Be5 g4 12.Ne1 Nd7 13.Bf4 c5 14.cxd5 Nxd2 15.Qxd2 Bxd5
16.Bc4 Bxc4 17.Rxc4 Nf6 18.Qc2 b5 19.Rc3 Nd5 20.Rb3 Nxf4 21.exf4 Qxd4 22.
g3 b4 23.Qe2 Qd6 24.Nc2 Rad8 25.Re1 Bf6 26.Qxe6+ Qxe6 27.Rxe6 Rd2 28.Ne3 
Bxb2 29.Nc4 Rd1+ 30.Kg2 Bd4 31.a3 a5 32.axb4 axb4 33.h3 Ra8 34.hxg4 fxg4 
35.Ne5 h5 36.Nxg4 hxg4 37.Rg6+ Kf7 38.Rxg4 Ra2 0-1

[Event "35th Asia-ch U20"]
[Site "Sharjah UAE"]
[Date "2013.04.06"]
[Round "9.10"]
[White "Sultan, Ibrahim"]
[Black "Walid, Anwar"]
[Result "1-0"]
[WhiteElo "1886"]
[BlackElo "1893"]
[EventDate "2013.03.30"]

1.d4 Nf6 2.c4 e6 3.Nf3 b6 4.g3 Bb7 5.Bg2 c5 6.d5 exd5 7.Nh4 g6 8.Nc3 Bg7 
9.Bg5 h6 10.Bf4 a6 11.Bxd5 Nxd5 12.Nxd5 Bxd5 13.Qxd5 Nc6 14.Bd6 Qf6 15.
Qe4+ Qe6 16.Qxe6+ dxe6 17.O-O-O Ne5 18.Bxe5 Bxe5 19.Rd3 Ke7 20.f4 Bc7 21.
Nf3 f6 22.e4 Rhd8 23.Re3 b5 24.h4 bxc4 25.Kc2 Rab8 26.Nd2 Rd4 27.Ra3 a5 
28.Rc3 Rbd8 29.Rd1 g5 30.fxg5 fxg5 31.Rxc4 Bxg3 32.Rxd4 Rxd4 33.hxg5 hxg5 
34.Nb3 Rxe4 35.Nxa5 Re2+ 36.Kb3 Be5 37.Nc6+ Kf6 38.Rf1+ Bf4 39.a4 Re4 40.
a5 Re3+ 41.Kc4 Re2 42.b3 Ra2 43.Kxc5 e5 44.Kb6 Ke6 45.a6 Be3+ 46.Kb7 g4 
47.Re1 Bf2 48.Rxe5+ Kd6 49.Rg5 Rc2 50.Rg6+ Kd7 51.Rxg4 Rb2 52.b4 Bc5 53.a7
Kc7 1-0